000 00340pam a2200157a 44500
008 230515b1999 xxu||||| |||| 00| 0 eng d
020 _a1-56496-118-4
041 _aENG
082 _aNULL
100 _aSMITH N.
245 _aSMALL SPACE LIVING,DESIGN
250 _a0
260 _aNULL
_bNULL
_c1999
300 _a125
650 _aNULL
999 _c474952
_d474952